Rekreační sport 1 Basketbal, házená, fotbal, lední hokej, softbal, volejbal

Salvato in:
Dettagli Bibliografici
Natura: Libro
Lingua:ceco
Pubblicazione: Praha Olympia 1987
Edizione:1. vyd.
Serie:Cvičitel ZRTV Sv.23
Tags: Aggiungi Tag
Nessun Tag, puoi essere il primo ad aggiungerne!!

MARC

LEADER 00000nam a2200000 4500
001 c037364
005 20260123084018.2
041 0 |a cze 
044 |a CZ 
245 1 0 |a Rekreační sport 1  |b Basketbal, házená, fotbal, lední hokej, softbal, volejbal  |c Oldřich Ondřej a kol. 
250 |a 1. vyd. 
264 1 |a Praha  |b Olympia  |c 1987 
300 |a 148 s. 
490 1 |a Cvičitel ZRTV  |v Sv.23 
830 0 |a Cvičitel ZRTV  |v Sv.23